00720nam a22001697a 4500008004100000040005500041080002400096245013200120260005100252300001000303650001400313653002600327700001900353942001200372999001700384952014900401230410b |||||||| |||| 00| 0 eng d aNational Science LibrarycNational Science Library aD 02.001.6(540)bK7 aProgress of libraries in free india: bBeing a symposium on library science by some eminent and experienced librarians of India aNew Delhi: bNew Book Society of India, c1967 a247p. aLibraries aLibrary documentation aSen, N B (Ed.) 2udccBK c19613d19613 00102udc406D_020016540_K770928766aNSLbNSLcGF/Rk-5/C-8/R-3d1968-02-02l0oD 02.001.6(540) K7p21911r2023-04-10 00:00:00w1968-02-02yBK